ბათუმის შოთა რუსთაველის სახელმწიფო უნივერსიტეტის ბიბლიოთეკა

ამას შენზე ამბობენ, აჭარავ! : (ბიბ.ჩანაწერი № 56121)

000 -ლიდერი
ფიქსირებული სიგრძის საკონტროლო ველი 01100nam a2200253Ia 4500
001 - საკონტროლო ნომერი
საკონტროლო ველი 23222
003 - საკონტროლო ნომრის იდენტიფიკატორი
საკონტროლო ველი GE_BSU
005 - ბოლო ოპერაციის თარიღი და დრო
საკონტროლო ველი 20251001180316.0
008 - ფიქსირებული სიგრძის მონაცემთა ელემენტები - ზოგადი ინფორმაცია
ფიქსირებული სიგრძის საკონტროლო ველი 181216s1995||||ge |||||||||||||| ||geo||
040 ## - კატალოგიზაციის წყარო
Transcribing agency GE_BSU
041 ## - ენის კოდი
Language code of text/sound track or separate title geo
080 ## - უნივერსალური ათობითი კლასიფიკაციის ინდექსი
Universal Decimal Classification number 94(479.223) ბ-60
100 ## - მთავარი ჩანაწერი - პიროვნების სახელი
Personal name ბექირიშვილი, იოსებ
9 (RLIN) 25919
245 ## - ცნობა სათაურის შესახებ
Title ამას შენზე ამბობენ, აჭარავ! :
Remainder of title (ისტორიული ნარკვევები) /
Statement of responsibility, etc იოსებ ბექირიშვილი ; რედ. : ს. გოგიტიძე.
264 ## - წარმოების, გამოცემის, დისტრიბუციის და სხვა ცნობები
გამოცემის, წარმოების, დისტრიბუციის... ადგილი ბათუმი :
გამოცემის, წარმოების, დისტრიბუციის... სახელწოდება მეცნიერება,
გამოცემის, წარმოების, დისტრიბუციის... თარიღი 1995.
300 ## - ფიზიკური აღწერა
Extent 308 გვ. ;
Dimensions 20 სმ.
504 ## - BIBLIOGRAPHY, ETC. NOTE
Bibliography, etc ბიბლიოგრ. : გვ. 303
653 ## - INDEX TERM--UNCONTROLLED
Uncontrolled term ამას შენზე ამბობენ, აჭარავ!
653 ## - INDEX TERM--UNCONTROLLED
Uncontrolled term აჭარის ისტორი
653 ## - INDEX TERM--UNCONTROLLED
Uncontrolled term ისტორიული ნარკვევები
700 ## - ADDED ENTRY--PERSONAL NAME
Personal name გოგიტიძე, ს.
Relator term რედაქტორი
9 (RLIN) 17885
942 ## - ADDED ENTRY ELEMENTS (KOHA)
Koha item type წიგნი
Source of classification or shelving scheme
ეგზემპლარები
ჩამოწერის სტატუსი დაკარგული ეგზემპლარის სტატუსი კლასიფიკაციის წყარო ან თაროზე გაწყობის სქემა დაზიანების სტატუსი არ გაიცემა მუდმივი მდებარეობა (დაცვის ადგილი) ამჟამინდელი ადგილსამყოფელი თაროზე განთავსების ადგილი შეძენის თარიღი ღირებულება, შესყიდვის ნორმალური ფასი სრული შენახვის შიფრი შტრიხკოდი ბოლო ოპერაციის თარიღი ეგზემპლარის მიმდევრობითი ნომერი (კეტერი?) ფასის ძალაში შესვლის თარიღი ეგზემპლარის სახეობა საჯარო შენიშვნა
          ბათუმის შოთა რუსთაველის სახელმწიფო უნივერსიტეტის მთავარი ბიბლიოთეკა ბათუმის შოთა რუსთაველის სახელმწიფო უნივერსიტეტის მთავარი ბიბლიოთეკა წიგნსაცავი 2018-12-17 5.00 94(479.223) ბ-60 28206 2018-12-17 28206 2018-12-17 წიგნი 5.00 ₾.